Представление документа в формате RUSMARC

ПолеНазваниеЗначение
  Тип записи a
  Библиографический уровень m
001 Контрольный номер RU/CBS_UL/BASE/578756026
005 Дата корректировки 20240209174824.8
010 Индекс ISBN __
a ISBN 5-7708-0015-1
d Цена 3 р. 92 к.
9 Тираж 30 000 экз.
100 Данные общей обработки __
a Данные общей обработки 20180504d2018 ||| 0rusy0189 ca
101 Язык документа 0_
a Язык текста rus
102 Страна публикации __
a Страна публикации RU
105 Кодированные данные (монография) __
a Кодированные данные (монография) y###||||000|y
200 Заглавие и сведения об ответственности 1_
a Заглавие Профессии и здоровье
b Общее обозначение материала Текст
f Первые сведения об ответственности В. Е. Степашкин
210 Выходные данные 1_
a Место издания Москва
c Издательство Букмэн
d Дата издания 1996
215 Физическое описание __
a Объем 350, [1] с.
d Формат 20 см.
225 Серия 0_
a Серия Делайте это правильно
300 Общие примечания __
a Общие примечания Ограничения по возрасту - 16+
300 Общие примечания __
a Общие примечания На обл. авт. не указан
606 Тематические рубрики 0_
a Основная рубрика Профессиональная патология и ее профилактика
610 Ключевые слова 0_
a Ключевые слова профзаболевания
a Ключевые слова профилактика болезней
a Ключевые слова заболевания
a Ключевые слова профессии
a Ключевые слова здоровье
a Ключевые слова работа
a Ключевые слова компьютер
a Ключевые слова лечение профзаболеваний
686 Индексы других классификаций __
a Классификационный индекс 51.24
2 Код системы ББК
700 Автор _1
a Фамилия Степашкин
b Имя (инициалы) Василий Ефимович
g Полное личное имя В. Е.
801 Источник записи _0
a Страна RU
b Организация МБУК ЦБС
c Дата составления 20180504
g Правила каталогизации RCR
801 Источник записи _1
a Страна RU
b Организация МБУК ЦБС г. Ульяновска
c Дата составления 20180504
g Правила каталогизации RCR
899 Данные о местонахождении __
i Авторский знак С 79
j Расстановочный фильтр 51.2
901 Тип документа __
t Тип документа m
910 Корректоры записи __
a Корректор записи Скрипина